Sermones panegiricos (Record no. 8156)
[ view plain ]
| 000 -CABECERA | |
|---|---|
| campo de control de longitud fija | 01372nam a2200277 a 4500 |
| 001 - NÚMERO DE CONTROL | |
| campo de control | BRCA_8489 |
| 003 - IDENTIFICADOR DEL NÚMERO DE CONTROL | |
| campo de control | FranzMayer |
| 005 - FECHA Y HORA DE LA ÚLTIMA TRANSACCIÓN | |
| campo de control | 20230724102600.0 |
| 008 - DATOS DE LONGITUD FIJA--INFORMACIÓN GENERAL | |
| campo de control de longitud fija | 270416s1771----sp-#######---#000-0#spa-# |
| 040 ## - FUENTE DE LA CATALOGACIÓN | |
| Centro catalogador/agencia de origen | MFM |
| Lengua de catalogación | esp |
| Centro/agencia transcriptor | MFM |
| 041 ## - CÓDIGO DE LENGUA | |
| Código de lengua del texto/banda sonora o título independiente | spa |
| 044 ## - CÓDIGO DEL PAÍS DE LA ENTIDAD EDITORA/PRODUCTORA | |
| Código MARC del país | sp |
| 084 ## - OTRO NÚMERO DE CLASIFICACIÓN | |
| Número de clasificación | BE4 |
| Número de documento/Ítem | .A58 1771 |
| 100 1# - ENTRADA PRINCIPAL--NOMBRE DE PERSONA | |
| Nombre de persona | Antonio Andrés |
| Títulos y otros términos asociados al nombre | Fray |
| 9 (RLIN) | 21275 |
| 245 10 - MENCIÓN DE TÍTULO | |
| Título | Sermones panegiricos |
| Mención de responsabilidad, etc. | su autor el M.R.P. Fr. Antonio Andrés ; que dedica el autor al reverendísimo P. Fr. Antonio Juan de Molina a expensas de don Diego Mallen. |
| 260 ## - PUBLICACIÓN, DISTRIBUCIÓN, ETC. | |
| Lugar de publicación, distribución, etc. | Valencia |
| Nombre del editor, distribuidor, etc. | Por Benito Monfort, junto al Hospital de pobres Estudiantes |
| Fecha de publicación, distribución, etc. | 1771 |
| 300 ## - DESCRIPCIÓN FÍSICA | |
| Extensión | [14], 424 p. (t.2) |
| Dimensiones | 20.5 x 15 cm. |
| 500 ## - NOTA GENERAL | |
| Nota general | Estado físico : lomo semi desprendido |
| 500 ## - NOTA GENERAL | |
| Nota general | Con marca de fuego : ´Procedencia de la marca: Convento de San Antonio de Querétaro. Institución: Orden de Frailes Menores Descalzos. Provincia de San Diego de México. Descripción: Monograma; letras iniciales y texto en el contorno: S A[ntonio] Q[ueréta]ro. Ubicación de la marca en el libro: Canto superior, inferior y lateral´ |
| 650 14 - PUNTO DE ACCESO ADICIONAL DE MATERIA--TÉRMINO DE MATERIA | |
| Término de materia o nombre geográfico como elemento de entrada | Sermones españoles |
| 9 (RLIN) | 21276 |
| 700 1# - PUNTO DE ACCESO ADICIONAL--NOMBRE DE PERSONA | |
| Nombre de persona | Molina, Antonio Juan de |
| Títulos y otros términos asociados al nombre | Fray |
| 9 (RLIN) | 21277 |
| 700 1# - PUNTO DE ACCESO ADICIONAL--NOMBRE DE PERSONA | |
| Nombre de persona | Mallen, Diego |
| 9 (RLIN) | 21278 |
| 856 ## - LOCALIZACIÓN Y ACCESO ELECTRÓNICOS | |
| Nombre del host | http://www.marcasdefuego.buap.mx:8180/xmLibris/projects/firebrand/item.jsp?repository=marcas_de_fuego&key=422f0a15.xml&num=17 |
| 902 ## - CATALOGADOR | |
| Iniciales | CFM |
| 942 ## - ELEMENTOS DE PUNTO DE ACCESO ADICIONAL (KOHA) | |
| Fuente del sistema de clasificación o colocación | Library of Congress Classification |
| Tipo de ítem Koha | Libros |
| Estado de retiro | Estado de pérdida | Fuente del sistema de clasificación o colocación | Estado dañado | No para préstamo | Código de colección | Localización permanente | Ubicación/localización actual | Fecha de adquisición | Fuente de adquisición | Total de préstamos | Signatura topográfica completa | Código de barras | Fecha visto por última vez | Precio válido a partir de | Tipo de ítem Koha |
|---|---|---|---|---|---|---|---|---|---|---|---|---|---|---|---|
| El ejemplar forma parte de la colección y puede ser consultado según las políticas vigentes. | Library of Congress Classification | Conventual Franz Mayer | Biblioteca del Museo Franz Mayer (Rogerio Casas-Alatriste) | Biblioteca del Museo Franz Mayer (Rogerio Casas-Alatriste) | 15/04/2016 | Donación | BE4 .A58 1771 | CFM00004 | 22/03/2019 | 22/03/2019 | Libros |